La libertad religiosa y los poderes públicos /

Guardat en:
Dades bibliogràfiques
Autor principal: Pavan, Pietro (autor)
Format: Llibre
Idioma:espanyol
Publicat: Madrid, España : Península, 1967, c1966
Etiquetes: Afegir etiqueta
Sense etiquetes, Sigues el primer a etiquetar aquest registre!

MARC

LEADER 00000nam^a2200000^a^4500
001 000623490
005 20251030000000.0
009 20260310133938.483
037 |a Acervo Xavier Clavigero 
041 |a ESP 
091 |a FHG. 00460 
100 |a Pavan, Pietro  |e (autor) 
245 1 3 |a La libertad religiosa y los poderes públicos / 
264 4 |a Madrid, España :  |b Península,  |c 1967, c1966 
300 |a 321 p. 
336 |a texto  |b txt  |2 rdacontenido 
337 |a sin mediación  |b n  |2 rdamedio 
338 |a volumen  |b nc  |2 rdasoporte 
649 |a XX 
910 |a Fondo Humberto García Bedoy S.J. 
920 |a Impresos - Libros 
930 |a Fondos Especiales 
905 |a 148 
901 |a 623490-10  |b IT2  |c ESP  |i D  |u 20251030 
902 |a https://opac.biblio.iteso.mx/vufind/Record/000623490